Multiple Choice City Quiz – Valencia - Statistics

General Stats
  • This quiz has been taken 171 times
  • The average score is 6 of 10
Answer Stats
Question Answer % Correct
What event is the Plaza de Toros known for hosting? Bullfights
88%
What's Valencia's Mercado Central? A historic food market
83%
Which stadium is the home ground of Valencia FC? Mestalla Stadium
76%
After it flooded in 1957, the Turia River was diverted into a canal south of the city. What was the original river path converted into? An urban garden
65%
What does Valencia mean? Bravery
59%
The local language, known as Valencian, is a dialect of which language? Catalan
58%
Valencia was originally founded by which people group? Romans
56%
Valencia is world-famous for hosting the Falles each year. What is Falles? A cultural festival
51%
What citrus-based cocktail is Valencia famous for? Agua de Valencia
49%
Valencia Cathedral claims to possess which relic? The Holy Grail
39%
No matching quizzes found
Score Distribution
Percent of People with Each Score
Percentile by Number Answered
Your Score History
You have not taken this quiz